|
|
|
|
| LEADER |
02956nam a2200421 a 4500 |
| 001 |
7860 |
| 003 |
BD-DhAAL |
| 005 |
20250723121917.0 |
| 008 |
151116s1997 nyu 000 1 eng |
| 010 |
|
|
|a 96054702
|
| 020 |
|
|
|a 0099410311
|
| 020 |
|
|
|a 0385472951 (regular ed.)
|
| 020 |
|
|
|a 0385485921 (limited ed.)
|
| 020 |
|
|
|a 0385485786 (large print)
|
| 020 |
|
|
|a 9790385472950
|
| 040 |
|
|
|a DLC
|c DLC
|d CSP
|d PAP
|d SVP
|d IJC
|d C#P
|d OrLoB-B
|d BD-DhAAL
|
| 050 |
0 |
0 |
|a PS3557.R5355
|b P35 1997
|
| 082 |
0 |
0 |
|a 813.54
|2 21
|
| 100 |
1 |
|
|a Grisham, John.
|9 12831
|
| 245 |
1 |
4 |
|a The partner /
|c John Grisham.
|
| 250 |
|
|
|a First edition.
|
| 260 |
|
|
|a New York :
|b Doubleday,
|b Arrow Books,
|c 1997.
|
| 300 |
|
|
|a 410 pages ;
|c 18 cm.
|
| 520 |
|
|
|a They watched Danilo Silva for days before they finally grabbed him. He was living alone, a quiet life on a shady street in a small town in Brazil; a simple life in a modest home, certainly not one of luxury. Certainly no evidence of the fortune they thought he had stolen. He was much thinner and his face had been altered. He spoke a different language, and spoke it very well.
|
| 520 |
8 |
|
|a But Danilo had a past with many chapters. Four years earlier he had been Patrick Lanigan, a young partner in a prominent Biloxi law firm. He had a pretty wife, a new daughter, and a bright future. Then one cold winter night Patrick was trapped in a burning car and died a horrible death. When he was buried his casket held nothing more than his ashes.
|
| 520 |
8 |
|
|a From a short distance away, Patrick watched his own burial. Then he fled. Six weeks later, a fortune was stolen from his ex-law firm's offshore account. And Patrick fled some more. But they found him.
|
| 541 |
|
|
|a Donated by Farhana Zahir (Assistant Professor, BBS, BRAC University)
|e 44217, 44499
|
| 650 |
|
0 |
|a Death, Apparent
|v Fiction.
|9 16224
|
| 650 |
|
0 |
|a Larceny
|v Fiction.
|9 16225
|
| 651 |
|
0 |
|a Brazil
|v Fiction.
|9 16226
|
| 651 |
|
0 |
|a Biloxi (Miss.)
|v Fiction.
|9 16227
|
| 655 |
|
7 |
|a Legal stories.
|
| 852 |
|
|
|a Ayesha Abed Library
|c General Stacks
|
| 942 |
|
|
|2 ddc
|c BK
|
| 999 |
|
|
|c 36163
|d 36163
|
| 952 |
|
|
|0 0
|1 0
|2 ddc
|4 0
|6 813_000000000000000__54_GRI
|7 0
|9 56880
|a SCL
|b SCL
|c GEN
|d 2015-11-16
|e Gift:
|l 4
|m 13
|o 813.54 GRI
|p 3020007860
|r 2017-10-12
|s 2017-09-19
|t 1
|w 2015-11-16
|y BK
|
| 952 |
|
|
|0 0
|1 0
|2 ddc
|4 0
|6 813_540000000000000_GRI
|7 0
|9 77454
|a BRACUL
|b BRACUL
|c GEN
|d 2025-03-06
|e Donated by Farhana Zahir, Assistant Professor, BBS, BRAC University.
|l 1
|m 4
|o 813.54 GRI
|p 3010044217
|r 2025-06-16
|s 2025-04-28
|t 2
|w 2015-11-16
|y BK
|x Donated by Farhana Zahir, Assistant Professor, BBS, BRAC University. Price not available in the Book.
|
| 952 |
|
|
|0 0
|1 0
|2 ddc
|4 0
|6 813_540000000000000_GRI
|7 0
|9 77862
|a BRACUL
|b BRACUL
|c GEN
|d 2025-03-06
|e Donated by Farhana Zahir, Assistant Professor, BBS, BRAC University.
|l 2
|m 1
|o 813.54 GRI
|p 3010044499
|r 2026-02-18
|s 2026-02-02
|t 3
|w 2015-11-16
|y BK
|x Donated by Farhana Zahir, Assistant Professor, BBS, BRAC University. Price not available in the Book ;
|